Magyar könyvtári szolgálta

Bibliographic Details
Main Author: Brogyányi, Kálmán, 1905-1978 (Author)
Format: Book
Language:Hungarian
PhysicalDescription:59 s. 23 cm
Published: Bratislava Toldy-Kör 1941
Series:Biblioteka Istropolitana
Subjects:

MARC

LEADER 00000cam a2200000 a 4500
001 vtls008365769
003 SK-MaSNL
005 20260301140052.0
008 250313s1941 xo g 000 0 hun
015 |a SNBA19391941-001916 
035 |a SK01SNKBKSD120020057986 
035 |a urn:nbn:sk:snk-am3hkpy 
035 |a DB621E40-296F-4B93-A8A4-AE5B986E0251 
035 |a urn:nbn:sk:snk-am00d3ss 
035 |a SKM000060449 
040 |a SNK  |b slo  |c SNK  |e AACR2 
041 0 |a hun 
043 |a e-hu--- 
044 |a xo  |c SK 
080 |a 02  |2 1981 
100 1 |a Brogyányi, Kálmán,  |d 1905-1978  |4 aut  |9 199859 
245 1 0 |a Magyar könyvtári szolgálta  |c Kálmán Brogyányi 
260 |a Bratislava  |b Toldy-Kör  |c 1941  |e Bratislava  |f Concordia 
300 |a 59 s.  |c 23 cm 
490 1 |a Biblioteka Istropolitana 
650 0 7 |a knižnice  |2 SNKPH  |9 17965 
650 0 7 |a knižničné služby  |2 SNKPH  |9 64475 
651 7 |a Maďarsko  |2 SNKPHgeo  |9 16754 
655 7 |a monografie  |2 SNKPH  |9 70139 
830 0 |a Biblioteka Istropolitana  |9 492261 
852 |a Slovenská národná knižnica 
958 |a OND 
958 |a HU 
958 |a TL 
999 |c 762349  |d 764279 
952 |a SNK  |b SNK  |y VYP  |7 0  |p 17A1543573  |o snkSC 2983 D1  |i snkVIII. 271/54  |0 0  |1 0  |4 0  |d 2024-04-26  |l 0  |r 2026-02-24 00:08:40  |w 2026-02-24 
952 |a SNK  |b SNK  |y PREZ  |7 0  |p 17A0755704  |o snkSC 2983  |i snk280/43  |0 0  |1 0  |4 0  |d 2018-07-30  |f 1  |l 0  |r 2025-06-17 00:00:00  |w 2026-02-24